LIBRARY & INFORMATION CENTRE, KCAET, TAVANUR

ONLINE PUBLIC ACCESS CATALOGUE (OPAC)

Text book of remote sensing and geographic information system / (Record no. 12979)

MARC details
000 -LEADER
fixed length control field 00393cam a2200145ua 4500
003 - CONTROL NUMBER IDENTIFIER
control field OSt
008 - FIXED-LENGTH DATA ELEMENTS--GENERAL INFORMATION
fixed length control field 241231b |||||||| |||| 00| 0 eng d
041 ## - LANGUAGE CODE
Language code of text/sound track or separate title eng
082 ## - DEWEY DECIMAL CLASSIFICATION NUMBER
Classification number 621.3678
Item number RED/TE
100 ## - MAIN ENTRY--AUTHOR NAME
Personal name Reddy, Anji,M .
245 ## - TITLE STATEMENT
Title Text book of remote sensing and geographic information system /
260 ## - PUBLICATION, DISTRIBUTION, ETC. (IMPRINT)
Place of publication Hyderabad :
Name of publisher B S Publication ,
Year of publication 2001.
300 ## - PHYSICAL DESCRIPTION
Number of Pages ; .
942 ## - ADDED ENTRY ELEMENTS (KOHA)
Koha item type Books
Holdings
Withdrawn status Lost status Damaged status Home library Current library Date acquired Full call number Accession Number Koha item type Collection code Shelving location Source of acquisition Cost, normal purchase price
      KAUAET KAUAET 07/04/2012 621.3678 RED/TE 21197 Books        
      KAUAET KAUAET 07/04/2012 621.3678 RED/TE 21774 Books        
      KAUAET KAUAET 31/03/2021 621.3678 RED/TE BB 624 Book Bank scheme for SC students General Books Scheme M/S TBS Books Calicut 650.00
      KAUAET KAUAET 31/03/2021 621.3678 RED/TE BB 625 Book Bank scheme for SC students General Books Scheme M/S TBS Books Calicut 650.00
free website counter